000 00445ntaaa2200181 4500
003 01
005 20251027202740.0
008 0714s1973 ag 01
040 _aAR-BaBN
_bspa
_cAR-BaBN
_eaacr
_dRIC
082 _a745.5600 B38g
100 _aBeckmann, Wolfgang
245 _aGrabados en cobre
250 _a1 ed.
260 _aBuenos Aires :
_bEditorial Kapelusz,
_cc1972
300 _a40 p
650 _atrabajos manuales
_917557
942 _cBK
999 _c22730
_d22730